000
00292nam a2200133Ia 4500
100
_a
Gardner Martin
942
_c
BK
654
_a
Mathematics
245
_a
Mathematical Puzzles & Diversion
260
_b
Penguin Books
_a
London
_c
1991
300
_a
154
546
_a
ENGLISH
999
_c
23447
_d
23447